000
00227 a2200097 4500
001
6046
100
_a
Bardell, P R
245
_a
Magnetic materials in the electrical Industry.
260
_a
_b
Macdonald
_c
090
_c
4946
_d
4946
942
_a
NUST-CAE
_c
M
_c
31318
999
_c
241119
_d
241119